000 00775pab a2200157 454500
008 180718b003 xxu||||| |||| 00| 0 eng d
100 _aBanerjee, Sumanta
245 _aReconciliation without justice?
260 _c003
300 _ap.1935-937.
362 _a17 May
520 _aThe Indo-South African Dialogue on Truth, Reconciliation and Human Rights which brought together academics and human rights activists from South Africa and India in an intimate encounter in Delhi recently raised issues that went beyond the South African experience and echoed the post-Iraq war global concerns about economic hegemony and military unilateralism in a unipolar world system. - Reproduced.
650 _aHuman rights
773 _aEconomic and Political Weekly
909 _a56358
999 _c56358
_d56358